Martin Van Buren Trivia - Statistics

General Stats
  • This quiz has been taken 14 times
  • The average score is 7 of 10
Answer Stats
# Questions Answer % Correct
2 What political party was Van Buren a member of during hispresidency? Democratic
100%
6 Van Buren was a vice president for who? Andrew Jackson
86%
7 What was Van Buren's primary language? Dutch
86%
5 Van Buren served as the 10th US Secretary of the _____ State
79%
10 Van Buren didn't want this state to be admitted to the Unionas a slave state Texas
79%
8 Who served as president after Van Buren? William Henry Harrison
79%
4 What current US state was Van Buren born in? New York
71%
3 What country was Van Buren an ambassador to? United Kingdom
64%
9 Van Buren's popularity faded because the Panic of _____ 1837
57%
1 Who was Van Buren's vice president? Richard Mentor Johnson
14%
No matching quizzes found
Score Distribution
Percent of People with Each Score
Percentile by Number Answered
Your Score History
You have not taken this quiz